000 01303nam a2200337 i 4500
003 EG-GICUC
005 20260204073517.0
008 260119s1958 ua ||||fr|||| 00| 0 ara d
040 _a EG-GICUC
_bara
_c EG-GICUC
_d EG-GICUC
_erda
041 1 _aara
082 0 4 _221
_a345.3245
_bه ا . ت
092 0 4 _221
099 _aLaw1 07 345.3245 ه ا . ت 1958
100 0 _aهانسن
_eمؤلف.
245 1 0 _aالتأميم /
_cأ.ه.هانسن ، ترجمة محمود فتحي عمر ، مراجعة حمدي حافظ
264 3 _aالقاهرة:
_bالدار القومية للطباعة و النشر،
_c1958.
300 _a293؛صفحة
_c24 سم
336 _2rda content
_atext
337 _2rda media
_aComputer
338 _2rda carrier
_aOnline Resource
504 _aيشتمل على إرجاعات ببليوجرافية.
546 _aالنص أغلبه باللغة العربية بعض النصوص الإنجليزية والفرنسية
650 1 _aالقانون الإداري
_2qrmak
650 1 _aطريقة التأميم
651 1 _2qrmak
700 _aمحمود فتحي عمر
_eمترجم.
700 _aحمدي حافظ
_eمراجع.
856 4 0 _uhttps://fll.law.cu.edu.eg/fulltext/bks/B07-01356.pdf
905 _a74
942 _2ddc
_n0
_cBK
_e21
999 _c57956
_d57956